Count to 100 In Chinese - Statistics

General Stats
  • This quiz has been taken 8 times
  • The average score is 61 of 100
Answer Stats
(English) (Mandarin Chinese) % Correct
Two Er
100%
Three San
100%
One Yi
100%
Eight Ba
75%
Twenty Er shi
75%
Twenty-Eight Er shi ba
75%
Twenty-Two Er shi er
75%
Twenty-Nine Er shi jiu
75%
Twenty-Six Er shi liu
75%
Twenty-Seven Er shi qi
75%
Twenty-Three Er shi san
75%
Twenty-Four Er shi si
75%
Twenty-Five Er shi wu
75%
Twenty-One Er shi yi
75%
Nine Jiu
75%
Six Liu
75%
Seven Qi
75%
Thirty San shi
75%
Thirty-Eight San shi ba
75%
Thirty-Two San shi er
75%
Thirty-Nine San shi jiu
75%
Thirty-Six San shi liu
75%
Thirty-Seven San shi qi
75%
Thirty-Three San shi san
75%
Thirty-Four San shi si
75%
Thirty-Five San shi wu
75%
Thirty-One San shi yi
75%
Ten Shi
75%
Eighteen Shi ba
75%
Twelve Shi er
75%
Nineteen Shi jiu
75%
Sixteen Shi liu
75%
Seventeen Shi qi
75%
Thirteen Shi san
75%
Fourteen Shi si
75%
Fifteen Shi wu
75%
Eleven Shi yi
75%
Four Si
75%
Forty Si shi
75%
Five Wu
75%
Eighty Ba shi
50%
Eighty-Eight Ba shi ba
50%
Eighty-Two Ba shi er
50%
Eighty-Nine Ba shi jiu
50%
Eighty-Six Ba shi liu
50%
Eighty-Seven Ba shi qi
50%
Eighty-Three Ba shi san
50%
Eighty-Four Ba shi si
50%
Eighty-Five Ba shi wu
50%
Eighty-One Ba shi yi
50%
Ninety Jiu shi
50%
Ninety-Eight Jiu shi ba
50%
Ninety-Two Jiu shi er
50%
Ninety-Nine Jiu shi jiu
50%
Ninety-Six Jiu shi liu
50%
Ninety-Seven Jiu shi qi
50%
Ninety-Three Jiu shi san
50%
Ninety-Four Jiu shi si
50%
Ninety-Five Jiu shi wu
50%
Ninety-One Jiu shi yi
50%
Sixty Liu shi
50%
Sixty-Eight Liu shi ba
50%
Sixty-Two Liu shi er
50%
Sixty-Nine Liu shi jiu
50%
Sixty-Six Liu shi liu
50%
Sixty-Seven Liu shi qi
50%
Sixty-Three Liu shi san
50%
Sixty-Four Liu shi si
50%
Sixty-Five Liu shi wu
50%
Sixty-One Liu shi yi
50%
Seventy Qi shi
50%
Seventy-Eight Qi shi ba
50%
Seventy-Two Qi shi er
50%
Seventy-Nine Qi shi jiu
50%
Seventy-Six Qi shi liu
50%
Seventy-Seven Qi shi qi
50%
Seventy-Three Qi shi san
50%
Seventy-Four Qi shi si
50%
Seventy-Five Qi shi wu
50%
Seventy-One Qi shi yi
50%
Forty-Eight Si shi ba
50%
Forty-Two Si shi er
50%
Forty-Nine Si shi jiu
50%
Forty-Six Si shi liu
50%
Forty-Seven Si shi qi
50%
Forty-Three Si shi san
50%
Forty-Four Si shi si
50%
Forty-Five Si shi wu
50%
Forty-One Si shi yi
50%
Fifty Wu shi
50%
Fifty-Eight Wu shi ba
50%
Fifty-Two Wu shi er
50%
Fifty-Nine Wu shi jiu
50%
Fifty-Six Wu shi liu
50%
Fifty-Seven Wu shi qi
50%
Fifty-Three Wu shi san
50%
Fifty-Four Wu shi si
50%
Fifty-Five Wu shi wu
50%
Fifty-One Wu shi yi
50%
One-Hundred Yi bai
25%
No matching quizzes found
Score Distribution
Percent of People with Each Score
Percentile by Number Answered
Your Score History
You have not taken this quiz